|
ห้องสมุด วิทยาลัยพยาบาลบรมราชชนนี อุดรธานี
Boromarajonani College of Nursing, Udonthani
|


|
mysqli: Table './ulib2015/stat_globaluid' is marked as crashed and last (automatic?) repair failed
select id from stat_globaluid where statuid='20260417220938_2257'
mysqli: Table './ulib2015/stat_globaluid' is marked as crashed and last (automatic?) repair failed
DELETE FROM stat_globaluid
WHERE id NOT IN (
SELECT id
FROM (
SELECT id
FROM stat_globaluid
ORDER BY id DESC
LIMIT 100
) foo
);
mysqli: Table './ulib2015/stat_globaluid' is marked as crashed and last (automatic?) repair failed
insert into stat_globaluid set
statuid='20260417220938_2257',
dt='1776438578',
phpself='/ULIB/dublinfull.php',
agent='Mozilla/5.0 AppleWebKit/537.36 (KHTML, like Gecko; compatible; ClaudeBot/1.0; +claudebot@anthropic.com)',
yea='2026',
mon='4',
dat='17',
ip='216.73.216.55'
| LEADER 00566nam 2200193 a 4500 |
| 001 8541 |
| 003 ULIBM |
| 008 201010s2550 th m a000 0 tha d |
| 024 974-255-338-6
|
| 050 4 ^aB ^bฟ471ศ 2531
|
| 245 00 ^a ปรัชญา 102 /^cเฉลิมศรี สุวรรณเจดีย์.
|
| 250 ^aพิมพ์ครั้งที่ 5.
|
| 260 ^aกรุงเทพฯ:^bบริษัท บพิธการพิมพ์ จำกัด,^c2550.
|
| 300 ^a 244 หน้า
|
| 650 7 ^aคลื่นไฟฟ้าหัวใจ การพยาบาล--ระบบหัวใจร่วมหลอดเลือด การพยาบาล.
|
| 710 2 ^aเฉลิมศรี สุวรรณเจดีย์.
|
| 999 ^aลิขิตลักษณ์
|
| คุณยังไม่ได้ล็อกอิน คุณสามารถมีกิจกรรมร่วมกับเว็บไซต์ได้ แต่ต้องล็อกอินก่อน :: |
|
| ไม่มีไอเทมให้บริการ |
| ไม่มีไอเทมให้บริการ |
mysqli: Can't create/write to file '/var/tmp/#sql_59d_1.MAI' (Errcode: 2)
select * from index_db where titl like '%ปรัชญา 102 / เฉลิมศรี สุวรรณเจดีย์.%' and mid<>'8541' order by rand() limit 3
mysqli: Can't create/write to file '/var/tmp/#sql_59d_1.MAI' (Errcode: 2)
select * from index_db where subj like '%คลื่นไฟฟ้าหัวใจ การพยาบาล--ระบบหัวใจร่วมหลอดเลือด การพยาบาล.%' and mid<>'8541' order by rand() limit 3
|
ยังไม่เคยถูกคอมเมนท์
|
| คอมเมนท์ทรัพยากรรายการนี้ |
|